000 00487nam a2200181Ia 4500
005 20250508151640.0
008 008 250505s9999 xx 000 0 eng d
037 _aTextual
040 _aFEDL
_beng
_cFEDL
041 _aeng
_2eng
084 _a420.9, SAM
_qFEDL
100 _aSambrook G A
_9759671
245 0 _aEnglish language
260 _aLondon, UK
_bLongmans, Green and Co.
_c1954
300 _a110p.
942 _cTEXL
_h420.9, SAM
999 _c1331146
_d1331146